000 01175nam0a22002771 4500
001 rc\4618176
005 20250611210716.0
021 _aRU
_b(61-6494)
021 _aRU
_bРг1953
035 _a(NLR Aleph) 008398138
090 _a9219248
_c9219248
100 _a20130416d1961 |||y0rusy50 ca
101 0 _arus
102 _aRU
105 _aa z |||||
200 1 _aСборник материалов по передовому производственно-техническому опыту
_f[Отв. ред. Юркин Н.Н., инж.]
_gРСФСР. М-во речного флота. Иртышск. ордена Трудового Красного Знамени речное пароходство. Первичная организация НТОВТ Тюменского СРЗ
210 _aТюмень
_cБ. и.
_d1961
215 _a65 с., вкл. обл., 2 л. ил.
_cил.
_d20
300 _aНа обороте тит. л. сост.: инж. Ошев, Е.В.
702 1 _aОшев
_bЕ.В.
_4220
702 1 _aЮркин
_bН.Н.
_4340
801 0 _aRU
_bNLR
_gpsbo
801 1 _aRU
_bELAR
_2rusmarc
852 _aNLR
_j61-4/2678
942 _cBOOK
980 _aNB